Word Ladder: Use Your Brain Quiz Stats

Quiz Updated Nov 21, 2014

Challenge
Share
Tweet
Embed
Score 0/38 Timer 03:00
0 Plays Today
Hint 4-Letter Word % Correct
Mail a letterSEND
93.2%
Center of an appleCORE
92.2%
Join pieces of metal togetherWELD
91.3%
Geek, dorkNERD
91%
Non-domesticated animalWILD
90.8%
Salsa flavorMILD
90.5%
To fixMEND
90.1%
RequireNEED
90.1%
Nat King ___COLE
89.7%
To give someone foodFEED
88.1%
Hogwarts attireROBE
86.7%
An actor's characterROLE
86.6%
Head of the Catholic churchPOPE
86.4%
*Frontal, Occipital, Parietal, Temporal*LOBE
85.5%
*Conscious part of the brain*MIND
85.2%
Source of waterWELL
84.6%
Plant embryoSEED
83.8%
A large groupHERD
82.4%
*Brain ___; connects the brain to the spinal cord*STEM
82.1%
Hint 4-Letter Word % Correct
Ran awayFLED
80.7%
*___bellum, ___brum*CERE
80.5%
PresentHERE
80.5%
Thick soupSTEW
80.1%
Skin openingPORE
79%
Slang for drug or something awesomeDOPE
76.8%
KnowledgeLORE
75.4%
KilledSLEW
73%
Give an impression ofSEEM
72.8%
Cartoon explorerDORA
72.8%
Fish of Finding NemoDORY
68.6%
Blow in the pastBLEW
68%
Award for a Broadway starTONY
66.2%
What the victim in [rung 13] didBLED
65.6%
*Dopamine precursor drug, L-___*DOPA
65.2%
SkeletalBONY
61.9%
Loyalist during the American RevolutionTORY
60.2%
*With [rung 38], where the nucleus of a neuron is located*CELL
55.3%
*With [rung 1], where the nucleus of a neuron is located*BODY
20.8%

Today's Daily Dose

You're not logged in!

Compare scores with friends on all Sporcle quizzes.
Sign Up with Email
OR
Log In

You Might Also Like...

Show Comments

Extras

Top Quizzes Today


Score Distribution

Your Account Isn't Verified!

In order to create a playlist on Sporcle, you need to verify the email address you used during registration. Go to your Sporcle Settings to finish the process.